Advanced strength and applied elasticity

The new edition of this book is about analysis of stress, strain and stress - strain relations, numerical methods, bending of beams...

Đã lưu trong:
Bibliografiske detaljer
Hovedforfatter: Ugural, A. C.
Format: Bog
Sprog:Undetermined
Udgivet: New York Elsevier 1981
Fag:
Tags: Tilføj Tag
Ingen Tags, Vær først til at tagge denne postø!
Thư viện lưu trữ: Trung tâm Học liệu Trường Đại học Cần Thơ
LEADER 00701nam a2200205Ia 4500
001 CTU_145482
008 210402s9999 xx 000 0 und d
020 |c 6.39 
082 |a 620.112 
082 |b U26 
100 |a Ugural, A. C. 
245 0 |a Advanced strength and applied elasticity 
245 0 |c A. C. Ugural, S. K. Fenster 
260 |a New York 
260 |b Elsevier 
260 |c 1981 
520 |a The new edition of this book is about analysis of stress, strain and stress - strain relations, numerical methods, bending of beams... 
650 |a Strength of materials,Sức bền vật liệu 
904 |i Tien,Hải 
980 |a Trung tâm Học liệu Trường Đại học Cần Thơ